| 000 | 00443nam a2200181Ia 4500 | ||
|---|---|---|---|
| 003 | GCL | ||
| 008 | 140319s9999 xx 000 0 eng d | ||
| 040 |
_aGCL / _cGCL |
||
| 082 | 0 | 4 |
_a658.8 _bL M |
| 100 | 1 | _aLUMSDON, LES | |
| 245 | 1 | 0 |
_aMARKETING FOUR TOURISM / _cLUMSDON, LES |
| 700 | 1 | _aMEARS, WYN | |
| 260 |
_a[S.N] : _bMACMILLAN PRESS LTD ، _c1992 |
||
| 300 | _a135 P | ||
| 650 | 0 | 4 | _aMARKETING |
| 650 | 0 | 4 | _aTOURISM |
| 942 |
_2ddc _cBK |
||
| 999 |
_c21308 _d21308 |
||